000 00262nam a2200109Ia 4500
008 220204s9999 xx 000 0 und d
082 _a159.9
_bWES
100 _aMae
245 0 _aMae West on sex, health and ESP
260 _aLondon
_bW H Allen
_c1975
942 _cBK
999 _c34219
_d34219